Carribean countries - Statistics

General Stats
  • This quiz has been taken 115 times
  • The average score is 12 of 13
Answer Stats
Answer % Correct
Jamaica JM
98%
Dominica DM
97%
Barbados BB
96%
Antigua and Barbuda AG
94%
Dominican Republic DO
94%
Haiti HA
93%
Cuba CU
91%
Trinidad and Tobago TT
91%
Saint Vincent and the Grenadines VC
90%
Saint Kitts and Nevis KN
89%
Bahamas BS
88%
Saint Lucia LC
88%
Grenada GD
83%
No matching quizzes found
Score Distribution
Percent of People with Each Score
Percentile by Number Answered
Your Score History
You have not taken this quiz